|
|
|
|
| LEADER |
00000nab a2200000 a 4500 |
| 001 |
vtls000296232 |
| 003 |
SK-MaSNL |
| 005 |
20260303124851.0 |
| 008 |
111201c xo 0 slo |
| 015 |
|
|
|a SNBRB19rr/mm-uuuuu
|
| 035 |
|
|
|a CL0306351
|
| 040 |
|
|
|a SNKBUCL
|b slo
|c SNKBUCL
|e AACR2
|
| 041 |
0 |
|
|a slo
|
| 044 |
|
|
|a xo
|c SK
|
| 080 |
|
|
|a 621.92.011:539.42
|2 1981
|
| 080 |
|
|
|a 539.42
|2 1981
|
| 100 |
1 |
|
|a Vasilko, Karol,
|d 1942-
|4 aut
|9 86126
|
| 245 |
1 |
0 |
|a Identifikácia mechanizmu brúsenia a opotrebovania brúsnych zŕn
|c Karol Vasilko, Mária Chalupová
|
| 300 |
|
|
|b Obr. 8. Sch. 3., lit. 3 zázn. v slov., češ., ruš.
|
| 650 |
0 |
7 |
|a brúsenie
|2 snkbucl
|9 20750
|
| 655 |
|
7 |
|a články z novín a časopisov
|2 snkbucl
|9 267496
|
| 700 |
1 |
|
|a Chalupová, Mária
|4 aut
|9 9219
|
| 773 |
0 |
|
|t Náradie
|g Roč. 14(17), č. 2 (1987), s. 23-24, 28
|
| 850 |
|
|
|a Slovenská národná knižnica v Martine
|a MTA001
|
| 852 |
|
|
|a SNK
|b KIS3GCP
|
| 958 |
|
|
|a RK
|
| 992 |
|
|
|a RBX
|
| 999 |
|
|
|c 1931921
|d 1933851
|